| 000 | 00812cam a2200301 4500 | ||
|---|---|---|---|
| 008 | 000000n2000 000 0 eng u | ||
| 020 | _a0859514552 | ||
| 035 | _a(Sirsi) u107248 | ||
| 050 | _a614.836 | ||
| 100 | _aMann, S.M. | ||
| 110 |
_aNational Radiological Protection Board _9241 |
||
| 245 | _aExposure to radio waves near mobile phone base stations. | ||
| 260 |
_aDidcot _bNRPB _c2000 |
||
| 300 | _a55p. ; 30cm | ||
| 350 | _a15.00 | ||
| 490 |
_aNRPB _vR321 |
||
| 650 | _aMOBILE PHONE MASTS | ||
| 650 | _aTELECOMMUNICATION AERIALS | ||
| 650 | _aRADIO WAVES | ||
| 650 | _aPHONE MASTS | ||
| 650 | _aTELECOMMUNICATION MASTS | ||
| 690 |
_aHealth and safety _96244 |
||
| 700 | _aCooper, T.G. | ||
| 700 | _aAllen, S.G. | ||
| 700 | _aBlackwell, R.P. | ||
| 700 | _aLowe, A.J. | ||
| 942 | _n0 | ||
| 999 |
_c100668 _d100668 |
||